<?xml version='1.0' encoding='UTF-8'?>
  <record xmlns="http://www.loc.gov/MARC21/slim">
    <leader>00000cam a22000007i 4500</leader>
    <controlfield tag="001">ocn914266887</controlfield>
    <controlfield tag="003">OCoLC</controlfield>
    <controlfield tag="005">20231213210205.5</controlfield>
    <controlfield tag="008">981030s1572    gw            000 0 ger d</controlfield>
    <datafield tag="040" ind1=" " ind2=" ">
      <subfield code="a">NLGGC</subfield>
      <subfield code="b">eng</subfield>
      <subfield code="e">rda</subfield>
      <subfield code="e">dcrmr</subfield>
      <subfield code="c">NLGGC</subfield>
      <subfield code="d">OCLCO</subfield>
      <subfield code="d">QGJ</subfield>
      <subfield code="d">OCLCA</subfield>
      <subfield code="d">QGJ</subfield>
      <subfield code="d">OCLCO</subfield>
      <subfield code="d">OCLCL</subfield>
    </datafield>
    <datafield tag="029" ind1="0" ind2=" ">
      <subfield code="a">NLGGC</subfield>
      <subfield code="b">174389302</subfield>
    </datafield>
    <datafield tag="035" ind1=" " ind2=" ">
      <subfield code="a">(OCoLC)914266887</subfield>
    </datafield>
    <datafield tag="100" ind1="1" ind2=" ">
      <subfield code="a">Chemnitz, Martin,</subfield>
      <subfield code="d">1522-1586,</subfield>
      <subfield code="e">author.</subfield>
      <subfield code="4">aut</subfield>
      <subfield code="1">https://id.oclc.org/worldcat/entity/E39PBJwMFKKjQyJjGMFXFmMByd</subfield>
    </datafield>
    <datafield tag="245" ind1="1" ind2="0">
      <subfield code="a">Drey Predigten: Die Erste, Von der Heiligen Tauffe. Die Ander, Von der Heiligen Absolution. Die Dritte, Von dem Heiligen Abendmal des Herrn. :</subfield>
      <subfield code="b">Geschehen bey der Tauffe des Durchleuchtigen, Hochgebornen Frewlein Annae Vrsulae, Hertzogin zu Braunschweig vnd Lüneburg, etc. in der Fürstlichen SchloßKirchen zu Cella. /</subfield>
      <subfield code="c">Durch D. Martinum Chemnicium. D. Nicolaum Selneccerum. M. Christophorum Vischer den Eltern. Den 22. 23. 24. Aprilis. Anno 1572.</subfield>
    </datafield>
    <datafield tag="264" ind1=" " ind2="1">
      <subfield code="a">Heinrichstadt :</subfield>
      <subfield code="b">[Konrad Horn],</subfield>
      <subfield code="c">[1572]</subfield>
    </datafield>
    <datafield tag="300" ind1=" " ind2=" ">
      <subfield code="a">[88] pages ;</subfield>
      <subfield code="c">19 cm (4to)</subfield>
    </datafield>
    <datafield tag="336" ind1=" " ind2=" ">
      <subfield code="a">text</subfield>
      <subfield code="b">txt</subfield>
      <subfield code="2">rdacontent</subfield>
    </datafield>
    <datafield tag="337" ind1=" " ind2=" ">
      <subfield code="a">unmediated</subfield>
      <subfield code="b">n</subfield>
      <subfield code="2">rdamedia</subfield>
    </datafield>
    <datafield tag="338" ind1=" " ind2=" ">
      <subfield code="a">volume</subfield>
      <subfield code="b">nc</subfield>
      <subfield code="2">rdacarrier</subfield>
    </datafield>
    <datafield tag="340" ind1=" " ind2=" ">
      <subfield code="m">4to</subfield>
      <subfield code="2">rdabf</subfield>
    </datafield>
    <datafield tag="500" ind1=" " ind2=" ">
      <subfield code="a">Printed by Konrad Horn in Wolfenbüttel (VD 16).</subfield>
    </datafield>
    <datafield tag="500" ind1=" " ind2=" ">
      <subfield code="a">Title page in black and red.</subfield>
    </datafield>
    <datafield tag="500" ind1=" " ind2=" ">
      <subfield code="a">Signatures: A-L⁴.</subfield>
    </datafield>
    <datafield tag="505" ind1="0" ind2="0">
      <subfield code="t">Eine Tauffpredigt, geschehen bey der Tauff des Durchleuchtigen Hochgebornen Frewleins Annae Ursulae etc. In der Fürstlichen Capel zu Cella, Den 22. Aprilis. Anno 1572. /</subfield>
      <subfield code="r">Durch Martinum Chemnitium D. --</subfield>
      <subfield code="t">Das Blut Jesu Christi, machet uns rein von allen unsern Sünden. Summa dieses Spruchs, geprediget in Fürstlicher Kirchen zu Cell, Mitwochs den 23. Aprilis. Anno 1572. /</subfield>
      <subfield code="r">Durch Nicolaum Selneccerum D. --</subfield>
      <subfield code="t">Catechismus, In kurtze Gesang gefasset, /</subfield>
      <subfield code="r">Durch D. Nicolaum Selneccerum --</subfield>
      <subfield code="t">Eine kurtze einfeltige Predigt, Von dem Hochwirdigen Abendmahl, des waren Leibs und Bluts unsers lieben Heilands und Erlösers Jesu Christi. Geschehen in der Schlosskirchen zu Cell, des Fürstenthumbs Lüneburg, den 24. Aprilis. Anno 1572. /</subfield>
      <subfield code="r">Durch Christophorum Vischer den Eltern, Fürstlichen Hennenbergischen Superintendenten, und Pfarrherrn zu Meyningen.</subfield>
    </datafield>
    <datafield tag="510" ind1="4" ind2=" ">
      <subfield code="a">Verzeichnis der im deutschen Sprachbereich erschienenen Drucke des 16. Jahrhunderts (VD 16),</subfield>
      <subfield code="c">C 2203</subfield>
    </datafield>
    <datafield tag="510" ind1="4" ind2=" ">
      <subfield code="3">Selneccer, Nikolaus: Predigt von der heiligen Absolution:</subfield>
      <subfield code="a">Verzeichnis der im deutschen Sprachbereich erschienenen Drucke des 16. Jahrhunderts (VD 16),</subfield>
      <subfield code="c">S 5632</subfield>
    </datafield>
    <datafield tag="510" ind1="4" ind2=" ">
      <subfield code="3">Selneccer, Nikolaus: Katechismus in kurze Gesänge gefaßt:</subfield>
      <subfield code="a">Verzeichnis der im deutschen Sprachbereich erschienenen Drucke des 16. Jahrhunderts (VD 16),</subfield>
      <subfield code="c">S 5569</subfield>
    </datafield>
    <datafield tag="510" ind1="4" ind2=" ">
      <subfield code="3">Vischer, Christoph d.Ä.: Predigt von dem heiligen Abendmahl des Herrn:</subfield>
      <subfield code="a">Verzeichnis der im deutschen Sprachbereich erschienenen Drucke des 16. Jahrhunderts (VD 16),</subfield>
      <subfield code="c">V 1696</subfield>
    </datafield>
    <datafield tag="650" ind1=" " ind2="0">
      <subfield code="a">Baptism</subfield>
      <subfield code="v">Sermons.</subfield>
    </datafield>
    <datafield tag="650" ind1=" " ind2="0">
      <subfield code="a">Lord's Supper.</subfield>
    </datafield>
    <datafield tag="650" ind1=" " ind2="0">
      <subfield code="a">Absolution.</subfield>
    </datafield>
    <datafield tag="600" ind1="0" ind2="4">
      <subfield code="a">Anna Ursula,</subfield>
      <subfield code="c">Herzogin von Braunschweig-Lüneburg,</subfield>
      <subfield code="d">1572-1601</subfield>
    </datafield>
    <datafield tag="650" ind1=" " ind2="6">
      <subfield code="a">Baptême</subfield>
      <subfield code="v">Sermons.</subfield>
    </datafield>
    <datafield tag="650" ind1=" " ind2="6">
      <subfield code="a">Eucharistie.</subfield>
    </datafield>
    <datafield tag="650" ind1=" " ind2="7">
      <subfield code="a">eucharists.</subfield>
      <subfield code="2">aat</subfield>
    </datafield>
    <datafield tag="650" ind1=" " ind2="7">
      <subfield code="a">Absolution</subfield>
      <subfield code="2">fast</subfield>
    </datafield>
    <datafield tag="650" ind1=" " ind2="7">
      <subfield code="a">Baptism</subfield>
      <subfield code="2">fast</subfield>
    </datafield>
    <datafield tag="650" ind1=" " ind2="7">
      <subfield code="a">Lord's Supper</subfield>
      <subfield code="2">fast</subfield>
    </datafield>
    <datafield tag="655" ind1=" " ind2="7">
      <subfield code="a">Sermons</subfield>
      <subfield code="2">fast</subfield>
    </datafield>
    <datafield tag="655" ind1=" " ind2="7">
      <subfield code="a">Sermons.</subfield>
      <subfield code="2">rbgenr</subfield>
    </datafield>
    <datafield tag="700" ind1="1" ind2=" ">
      <subfield code="a">Dorothea,</subfield>
      <subfield code="c">Herzogin von Braunschweig-Lüneburg,</subfield>
      <subfield code="d">1546-1617,</subfield>
      <subfield code="e">dedicatee.</subfield>
      <subfield code="e">dte</subfield>
    </datafield>
    <datafield tag="700" ind1="1" ind2="2">
      <subfield code="i">Container of (work):</subfield>
      <subfield code="a">Selneccer, Nicolaus,</subfield>
      <subfield code="d">1530-1592.</subfield>
      <subfield code="t">Predigt von der heiligen Absolution.</subfield>
    </datafield>
    <datafield tag="700" ind1="1" ind2="2">
      <subfield code="i">Container of (work):</subfield>
      <subfield code="a">Selneccer, Nicolaus,</subfield>
      <subfield code="d">1530-1592.</subfield>
      <subfield code="t">Katechismus in kurze Gesänge gefasst.</subfield>
    </datafield>
    <datafield tag="700" ind1="1" ind2="2">
      <subfield code="i">Container of (work):</subfield>
      <subfield code="a">Vischer, Christoph,</subfield>
      <subfield code="d">1518-1598.</subfield>
      <subfield code="t">Predigt von dem heiligen Abendmahl des Herrn.</subfield>
    </datafield>
    <datafield tag="700" ind1="1" ind2=" ">
      <subfield code="a">Horn, Conrad,</subfield>
      <subfield code="d">active 1559-1603,</subfield>
      <subfield code="e">printers.</subfield>
      <subfield code="4">prt</subfield>
      <subfield code="1">https://id.oclc.org/worldcat/entity/E39PCjH498W6hWtXGdCHcTw7Xm</subfield>
    </datafield>
    <datafield tag="752" ind1=" " ind2=" ">
      <subfield code="a">Germany</subfield>
      <subfield code="d">Wolfenbüttel,</subfield>
      <subfield code="e">publication place.</subfield>
      <subfield code="4">pup</subfield>
    </datafield>
  </record>